La conquista del desierto proyectada y llevada a cabo por el exmo. señor Ministro de la Guerra y Marina general D. Julio A. Roca.

Guardado en:
Otros Autores: Olascoaga, Manuel J., 1835-1911., Racedo, Eduardo, 1843-1918.
Formato: Libro
Idioma:Spanish
Publicado: Buenos Aires : Ostwald y Martínez, 1881.
Edición:2a. ed.
Materias:
Etiquetas: Agregar Etiqueta
Sin Etiquetas, Sea el primero en etiquetar este registro!
LEADER 01142nam a22002535a 4500
001 EUN.eunm006288
005 20160707074611.0
008 041125s1881####ag#a##########000#0#spa#d
082 0 4 |a 982.05  |2 15 
082 0 4 |a 918.27  |2 15 
082 0 4 |a 526.9  |2 15 
245 0 3 |a La conquista del desierto proyectada y llevada a cabo por el exmo. señor Ministro de la Guerra y Marina general D. Julio A. Roca. 
250 |a 2a. ed. 
260 |a Buenos Aires :  |b Ostwald y Martínez,  |c 1881. 
300 |a 2 v. :  |b il. ;  |c 25 cm. 
505 0 |a v. 1. Estudio topográfico de la Pampa y Rio Negro / por Manuel J. Olascoaga -- v. 2. Memoria militar y descriptiva sobre la campaña de la 3a division espedicionaria al territorio de los ranqueles a las órdenes del general Eduardo Racedo. 
650 7 |a Historia.  |2 unbist 
650 7 |a Topografía.  |2 abne 
650 7 |a Geografía.  |2 unbist 
651 7 |a Argentina.  |2 unbist 
700 1 |a Olascoaga, Manuel J.,  |d 1835-1911. 
700 1 |a Racedo, Eduardo,  |d 1843-1918. 
859 |a AR-BaUNS  |b BIB. CENTRAL - Tesoro  |h 982.05  |i R114  |p 103152/993  |v v.1  |3 v.1 
859 |a AR-BaUNS  |b BIB. CENTRAL - Tesoro  |h 982.05  |i R114  |p 1612/963  |v v.2  |3 v.2